| 000 -LEADER |
| fixed length control field |
01832nam a22001577a 4500 |
| 008 - FIXED-LENGTH DATA ELEMENTS--GENERAL INFORMATION |
| fixed length control field |
210724b ||||| |||| 00| 0 eng d |
| 100 ## - MAIN ENTRY--PERSONAL NAME |
| Personal name |
Salman, M.G., Showkat, A.and Saleem, I. |
| 245 ## - TITLE STATEMENT |
| Title |
Employee competencies as predictors of organizational performance: A study of public and private sector banks |
| 260 ## - PUBLICATION, DISTRIBUTION, ETC. (IMPRINT) |
| Place of publication, distribution, etc |
Management and Labour Studies |
| 300 ## - PHYSICAL DESCRIPTION |
| Extent |
45(4), Nov, 2020: p.416-432 |
| 520 ## - SUMMARY, ETC. |
| Summary, etc |
Drawing on the resource-based view, this paper seeks to examine the influence of employee competencies on organizational performance using a sample of 325 managerial and non-managerial employees working in Indian public and private sector banks. The study employed a cross-sectional research design, and the data were collected through a structured questionnaire using convenience sampling. Confirmatory factor analysis was used to check the reliability and validity of the dimensions, and the proposed hypotheses were tested by using structural equation modelling. The results indicated a positive and significant impact of selected employee competencies on organizational performance except for self-competence, which showed an insignificant and negative effect. The study is of immense potential to help policy and decision-makers of the Indian banking industry to develop and implement strategies for improving employee competencies, which, in turn, are instrumental in enhancing organizational performance. This study is a unique attempt to examine the impact of various employee competence dimensions on organizational performance, particularly in the Indian banking industry. - Reproduced |
| 650 ## - SUBJECT ADDED ENTRY--TOPICAL TERM |
| Topical term or geographic name as entry element |
Banks, Employee competencies, India, Organizational performance, Structural equation modelling |
| 9 (RLIN) |
25635 |
| 773 ## - HOST ITEM ENTRY |
| Main entry heading |
Management and Labour Studies |
| 906 ## - LOCAL DATA ELEMENT F, LDF (RLIN) |
| Subject DIP |
ORGANISATIONAL PERFORMANCE |
| 942 ## - ADDED ENTRY ELEMENTS (KOHA) |
| Item type |
Articles |